Cargando...

Physics: a general course /

Detalles Bibliográficos
Autor Principal: Savelyev, I V.
Outros autores: Leib, G.
Formato: Printed Book
Idioma:English
Publicado: Moscow : Mir , 1980.
Subjects:
LEADER 00599cam a2200205ua 4500
008 051209s1980 g b000 u eng u
020 |a 5-03-000900-0  |c R 114 
044 |a   
082 1 4 |a 530 M0.1 
100 1 |a Savelyev, I V. 
245 0 0 |a Physics: a general course /   |h Textual Documents 
260 |a Moscow : Mir ,   |c 1980. 
300 |a  ;  
362 0 |a 1( )- 
365 |a R 114 
650 0 |a Physics 
700 1 |a Leib, G. 
942 |c BK 
999 |c 105353  |d 105353 
952 |0 0  |1 0  |4 0  |6 530_000000000000000_M0_1  |7 0  |9 100015  |a SCS  |b SCS  |d 2014-06-26  |h R 114  |l 0  |o 530 M0.1  |p SCS00961  |r 2014-06-26  |w 2014-06-26  |y BK